[Event "Carlos Torre Memorial op 31st"]
[Site "Merida"]
[Date "2019.12.13"]
[Round "1"]
[White "Huertas Soris, Ramon Antonio"]
[Black "Kevlishvili, Robby"]
[Result "0-1"]
[WhiteElo "2155"]
[BlackElo "2457"]
[PlyCount "78"]
[EventDate "2019.12.13"]
[EventType "swiss"]
[EventRounds "9"]
[EventCountry "MEX"]
[SourceTitle "CBM 193 Extra"]
[Source "ChessBase"]
[SourceDate "2020.01.31"]
[SourceVersion "1"]
[SourceVersionDate "2020.01.31"]
[SourceQuality "1"]

1. e4 c5 2. Nf3 d6 3. d4 cxd4 4. Nxd4 Nf6 5. Nc3 a6 6. Be3 e5 7. Nb3 Be6 8. f4 exf4 9. Bxf4 Be7 10. Qd2 Nc6 11. 0-0-0 Ne5 12. Nd4 0-0 13. Nf5 Bxf5 14. exf5 b5 15. Kb1 Qc8 16. Bd3 b4 17. Ne4 Nxe4 18. Bxe4 Nc4 19. Qd3 Bf6 20. Bc1 Rb8 21. Bd5 Nb6 22. g4 Be5 23. Rhf1 a5 24. g5 a4 25. Rf3 b3 26. cxb3 Nxd5 27. Qxd5 axb3 28. Rxb3 Qxf5+ 29. Qd3 Qe6 30. Rxb8 Rxb8 31. h4 Qg4 32. Qd5 Qxh4 33. Rf1 Rf8 34. Qf3 Qb4 35. Qd5 g6 36. a3 Qb6 37. Ka2 Qc7 38. Qd3 Rb8 39. Rd1 Qxc1 0-1

[Event "Carlos Torre Memorial op 26th"]
[Site "Merida"]
[Date "2014.12.18"]
[Round "2"]
[White "Huertas Soris, Ramon Antonio"]
[Black "Becerra Rivero, Julio"]
[Result "0-1"]
[WhiteElo "2300"]
[BlackElo "2546"]
[PlyCount "89"]
[EventDate "2014.12.18"]
[EventType "swiss"]
[EventRounds "9"]
[EventCountry "MEX"]
[SourceTitle "CBM 164 Extra"]
[Source "ChessBase"]
[SourceDate "2015.03.02"]
[SourceVersion "1"]
[SourceVersionDate "2015.03.02"]
[SourceQuality "1"]

1. d4 Nf6 2. c3 g6 3. Bg5 Bg7 4. Nd2 d5 5. e3 Nbd7 6. f4 c5 7. Bd3 Qb6 8. Rb1 0-0 9. Bh4 Qe6 10. Qe2 Ng4 11. Bf2 Nxf2 12. Kxf2 Nf6 13. h3 Ne4+ 14. Nxe4 dxe4 15. Bc4 Qd6 16. Rd1 cxd4 17. cxd4 Bd7 18. Qd2 Ba4 19. Rc1 b5 20. Bb3 Bxb3 21. axb3 e5 22. fxe5 Bxe5 23. Ne2 Qf6+ 24. Kg1 Bd6 25. Nc3 Qh4 26. Qe2 b4 27. Nb1 Rac8 28. Rc4 h5 29. Nd2 a5 30. Nf1 Rc7 31. Qf2 Qg5 32. Qc2 Re7 33. Qe2 Ra8 34. h4 Qf5 35. g3 a4 36. bxa4 Rxa4 37. Rc1 Rc7 38. Rxc7 Bxc7 39. Qd1 Qa5 40. Kg2 Ra2 41. Qd2 b3 42. Qf2 Qf5 43. Qd2 Qf3+ 44. Kh2 Ba5 45. Kg1 0-1

[Event "Carlos Torre Memorial op 19th"]
[Site "Merida"]
[Date "2006.12.16"]
[Round "4"]
[White "Huertas Soris, Ramon Antonio"]
[Black "Duarte Barahona, Raul Alejandro"]
[Result "1-0"]
[WhiteElo "2352"]
[BlackElo "2067"]
[PlyCount "73"]
[EventDate "2006.12.14"]
[EventType "swiss"]
[EventRounds "9"]
[EventCountry "MEX"]
[SourceTitle "CBM 115 Extra"]
[Source "ChessBase"]
[SourceDate "2007.01.10"]
[SourceVersion "1"]
[SourceVersionDate "2007.01.10"]
[SourceQuality "1"]

1. d4 Nf6 2. c3 g6 3. Bg5 Bg7 4. Nd2 d5 5. e3 c5 6. Bd3 Nc6 7. f4 Qb6 8. Rb1 c4 9. Bc2 Qa6 10. a3 0-0 11. Qe2 Na5 12. Ngf3 Nb3 13. Bxf6 Bxf6 14. Nxb3 cxb3 15. Bxb3 Bf5 16. Rd1 Rfd8 17. Rd2 Qb6 18. Ba2 Bd7 19. Bb1 a5 20. 0-0 a4 21. Ne1 e6 22. Bd3 Ra5 23. g4 Bg7 24. g5 Bb5 25. Bxb5 Qxb5 26. Qg4 Qd7 27. h4 Rf8 28. Nd3 f5 29. gxf6 Rxf6 30. Rh2 Rf5 31. h5 gxh5 32. Rxh5 Qf7 33. Rh2 Qg6 34. Qxg6 hxg6 35. Rg2 Kf7 36. Rf3 g5 37. Rfg3 1-0

[Event "American Continental 02nd"]
[Site "Buenos Aires"]
[Date "2003.08.23"]
[Round "6"]
[White "Cubas, Jose Fernando"]
[Black "Huertas Soris, Ramon Antonio"]
[Result "1-0"]
[WhiteElo "2419"]
[BlackElo "2288"]
[PlyCount "85"]
[EventDate "2003.08.17"]
[EventType "swiss"]
[EventRounds "11"]
[EventCountry "ARG"]
[SourceTitle "CBM 097"]
[Source "ChessBase"]
[SourceDate "2003.11.11"]
[SourceVersion "1"]
[SourceVersionDate "2003.11.11"]
[SourceQuality "1"]

1. e4 e6 2. d4 d5 3. e5 c5 4. c3 Qb6 5. Nf3 Nc6 6. a3 Bd7 7. b4 cxd4 8. cxd4 Rc8 9. Be3 a6 10. Bd3 Na7 11. Qd2 Bb5 12. Nc3 Bxd3 13. Qxd3 Ne7 14. 0-0 Qc6 15. Rfc1 Qd7 16. Nd2 Nf5 17. Nb3 Be7 18. Nc5 Bxc5 19. bxc5 0-0 20. Ra2 f6 21. f4 h5 22. Rb2 Rc7 23. Bf2 Nc6 24. Qd1 Qf7 25. Qd3 Qg6 26. Rcb1 Rff7 27. Ne2 Kh7 28. Rb6 Nh6 29. R1b3 Qxd3 30. Rxd3 Nf5 31. g3 Nh6 32. Kg2 Kg8 33. Be1 Nf5 34. h3 Nh6 35. Bd2 Kf8 36. Ng1 Kg8 37. Nf3 Rce7 38. Nh2 Re8 39. Nf3 Ree7 40. Rb2 Rc7 41. Nh2 Rf8 42. Bc3 fxe5 43. fxe5 1-0

[Event "Carlos Torre Memorial op 11th"]
[Site "Merida"]
[Date "1998.12.20"]
[Round "6"]
[White "Huertas Soris, Ramon Antonio"]
[Black "Gonzalez Zamora, Juan Carlos"]
[Result "1/2-1/2"]
[WhiteElo "2270"]
[BlackElo "2490"]
[PlyCount "112"]
[EventDate "1998.12.??"]
[EventType "swiss"]
[EventRounds "9"]
[EventCountry "MEX"]
[SourceTitle "EXT 2000"]
[Source "ChessBase"]
[SourceDate "1999.11.16"]
[SourceVersion "1"]
[SourceVersionDate "1999.11.16"]
[SourceQuality "1"]

1. e4 c5 2. f4 Nc6 3. Nf3 d6 4. Nc3 g6 5. Bc4 Bg7 6. 0-0 e6 7. d3 Nge7 8. Qe1 h6 9. Bd2 a6 10. a3 0-0 11. f5 d5 12. Ba2 exf5 13. Nxd5 fxe4 14. dxe4 Nxd5 15. Bxd5 Qe7 16. Bc3 Bd7 17. Bxg7 Kxg7 18. Qc3+ Kh7 19. Rae1 Rad8 20. Qb3 b5 21. c4 Na5 22. Qc3 Nxc4 23. Bxc4 bxc4 24. Ne5 h5 25. Nxd7 Qxd7 26. Qxc4 Qd4+ 27. Qxd4 Rxd4 28. Rf6 a5 29. Rc6 Rc4 30. Re2 a4 31. e5 h4 32. h3 Kg7 33. Rc7 Kh6 34. Rf2 Rc1+ 35. Rf1 Rc2 36. e6 f5 37. Re1 Re8 38. e7 Kg7 39. Re5 Rxb2 40. Rexc5 Ra2 41. Rc3 Kf7 42. Re3 g5 43. Rc5 f4 44. Rf5+ Kg6 45. Ree5 Rxe7 46. Rxg5+ Kf6 47. Ref5+ Ke6 48. Rxf4 Rxa3 49. Ra5 Rh7 50. Raxa4 Rxa4 51. Rxa4 Kf5 52. Rg4 Rh8 53. Kf2 Rh7 54. Kf3 Rh8 55. Ra4 Kg5 56. Ra5+ Kh6 1/2-1/2